000 03654cam a22012734i 4500
003 PE-LiUPU
005 20250813185353.0
008 170601s2015 sp a r 001 0 esp d
020 _a9788441536661
035 _a(Sirsi) a204225
040 _aPE-LiUPU
_bspa
_cPE-LiUPU
_erda
049 _aPRUA
082 0 4 _a384.30688
_bM39
_220
100 1 _aMejía Llano, Juan Carlos
_eautor.
245 1 3 _aLa guía avanzada del community manager /
_cJuan Carlos Mejía Llano.
264 1 _aMadrid :
_bAnaya Multimedia,
_c2015.
300 _a351 páginas :
_bilustraciones ;
_c23 centimetros.
336 _atext
_2rdacontent
337 _aunmediated
_2rdamedia
338 _avolume
_2rdacarrier
490 0 _aSocial media
504 _aÍndices: páginas 335-351.
505 0 _aTénicas avanzadas de marketing con redes sociales para el community manager -- Lo que todo community manager debe saber de los sistemas de adquisición de tráfico -- Conceptos de marketing digital que le community manager debe conocer.
526 _aP202
526 _aP201
526 _aP163
526 _aP162
526 _aP161
526 _aP160
526 _aP148
526 _aP147
526 _aP146
526 _aP145
526 _aP144
526 _aP143
526 _aP142
526 _aP141
526 _aP140
526 _aP139
526 _aP138
526 _aP137
526 _aP136
526 _aP135
526 _aP134
526 _aP133
526 _aP129
526 _aP128
526 _aP127
526 _aP120
526 _aP119
526 _aP118
526 _aP116
526 _aP115
526 _aP114
526 _aP110
526 _aP109
526 _aP108
526 _aP104
526 _aP103
526 _aP102
526 _aP99
526 _aP98
526 _aP97
526 _aP96
526 _aP95
526 _aP93
526 _aP90
526 _aP89
526 _aP88
526 _aP83
526 _aP82
526 _aP62
526 _aP59
526 _aP58
526 _aP57
526 _aP51
526 _aP49
526 _aP48
526 _aP47
526 _aP29
526 _aP24
526 _aP20
526 _aP19
526 _aP17
526 _aP15
526 _aP14
526 _aP12
526 _aP10
526 _aP09
526 _aP08
526 _aP07
526 _aP06
526 _aP05
526 _aP04
526 _aP01
541 _g001-003373;
541 _g001-003430;
650 1 _aMarketing en Internet.
650 1 _aRedes sociales en Internet.
650 0 4 _aMarketina Interneten
910 _ajck
_bjvq
_cjpc
_d20170601
942 _2ddc
_cBOOK
949 _a384.30688 M39
_wDEWEY
_c1
_i75922
_lCATALOGING
_mBUL
_p50.00
_r0
_sY
_tBOOK
_u2017-06-01
_xTEOLOGIA
_zPOSGRADO TEOLOGÍA
_0COMPRA
_o.CIRCNOTE. El documento es de alto precio.
_o.STAFF. Colección Teología
949 _a384.30688 M39
_wDEWEY
_c1
_iFT03274
_lCCODEBUT1
_mBUT
_p39.39
_r0
_sY
_tBOOK
_u2017-10-11
_xFIA
_zSIST
_0COMPRA
_o.STAFF. Colección General
994 _aC0
_bPEPRU
596 _a1 2
999 _a384.30688 M39
_wLC
_c20597
_i75922
_d20597
_e2022-6-7
_f2021-11-8
_g4
_lCCODEBUL1
_mBUL
_n6
_p50.00
_q1
_r0
_sY
_tBOOK
_u2017-6-1
_xEDUCACION
_PP07
_0COMPRA
_o.STAFF. Colección Ciencias Humanas y Educación
999 _a384.30688 M39
_wDEWEY
_c1
_iFT03274
_f2019-2-20
_g1
_lCCODEBUT1
_mBUT
_p39.39
_r0
_sY
_tBOOK
_u2017-10-11
_xINGENIERIA
_PP27
_0COMPRA
_o.STAFF. Coleccion General
980 _81
_gALBERTO SANCHEZ Responsable de Automatización